| 000 | 00478nam a2200181Ia 4500 | ||
|---|---|---|---|
| 001 | 8407 | ||
| 005 | 20260306160607.0 | ||
| 008 | 260306t2015||||xx |||||||||||||| ||spa|| | ||
| 041 | _aESP | ||
| 082 |
_a370.72 _bU77 |
||
| 100 |
_aUribe Castro, Hernando _eAUT |
||
| 245 | 0 |
_aUna experiencia de investigación acción educativa : _breflexiones desde el aula |
|
| 260 | _c2015 | ||
| 300 |
_a139 páginas : _c24 cm. |
||
| 650 | _aGEN | ||
| 654 | _aCED | ||
| 942 |
_cLIB _dJUS _fJUS _2ddc _n |
||
| 999 |
_c8407 _d8407 |
||